[Event "POL-ch U18"]
[Site "Leba"]
[Date "2007.03.27"]
[Round "6"]
[White "Szelc, Adam"]
[Black "Dubinski, Mateusz"]
[Result "0-1"]
[WhiteElo "1989"]
[BlackElo "2077"]
[PlyCount "46"]
[EventDate "2007.03.24"]
[EventType "swiss"]
[EventRounds "11"]
[EventCountry "POL"]
[SourceTitle "EXT 2011"]
[Source "ChessBase"]
[SourceDate "2010.11.26"]
[SourceVersion "1"]
[SourceVersionDate "2010.11.26"]
[SourceQuality "1"]

1. e4 c5 2. Nf3 Nc6 3. d4 cxd4 4. Nxd4 Nf6 5. Nc3 e5 6. Ndb5 d6 7. a4 a6 8. Na3 Be7 9. Bc4 Be6 10. Be3 0-0 11. f3 Nb4 12. Qe2 d5 13. exd5 Nfxd5 14. Nxd5 Nxd5 15. Bxd5 Qxd5 16. 0-0 Rac8 17. c4 Qa5 18. b3 Qc3 19. Rfb1 Rfd8 20. Ra2 Rd3 21. Bb6 Rd7 22. Rbb2 Bxa3 23. Rxa3 Qb4 0-1

[Event "POL-ch U18"]
[Site "Leba"]
[Date "2006.03.30"]
[Round "8"]
[White "Szelc, Adam"]
[Black "Furman, Bartosz"]
[Result "1-0"]
[WhiteElo "1969"]
[BlackElo "1866"]
[PlyCount "47"]
[EventDate "2006.03.25"]
[EventType "swiss"]
[EventRounds "11"]
[EventCountry "POL"]
[SourceTitle "CBM 111 Extra"]
[Source "ChessBase"]
[SourceDate "2006.05.09"]
[SourceVersion "1"]
[SourceVersionDate "2006.05.09"]
[SourceQuality "1"]

1. e4 e6 2. d4 d5 3. Nc3 dxe4 4. Nxe4 Nd7 5. Nf3 Ngf6 6. Bg5 Be7 7. Nxf6+ Nxf6 8. Bd3 0-0 9. Qe2 c5 10. dxc5 Qa5+ 11. Bd2 Qxc5 12. Bc3 Bd7 13. Ne5 Bc6 14. Nxc6 Qxc6 15. 0-0-0 Qa4 16. Kb1 Rac8 17. Bb5 Qf4 18. Be5 Qb4 19. Rd4 Qc5 20. Bd3 Rfd8 21. Rh4 h6 22. Rh3 Rd5 23. f4 Nd7 24. Be4 1-0

[Event "POL-ch U18"]
[Site "Leba"]
[Date "2006.03.28"]
[Round "6"]
[White "Szelc, Adam"]
[Black "Maciejczak, Jakub"]
[Result "1/2-1/2"]
[WhiteElo "1969"]
[BlackElo "2235"]
[PlyCount "100"]
[EventDate "2006.03.25"]
[EventType "swiss"]
[EventRounds "11"]
[EventCountry "POL"]
[SourceTitle "CBM 111 Extra"]
[Source "ChessBase"]
[SourceDate "2006.05.09"]
[SourceVersion "1"]
[SourceVersionDate "2006.05.09"]
[SourceQuality "1"]

1. e4 c6 2. d4 d5 3. Nd2 dxe4 4. Nxe4 Nd7 5. Bc4 Ngf6 6. Ng5 e6 7. Qe2 Nb6 8. Bd3 h6 9. N5f3 Qc7 10. Ne5 c5 11. dxc5 Bxc5 12. Ngf3 Nbd7 13. 0-0 0-0 14. Bf4 Bd6 15. Nxd7 Bxd7 16. Bxd6 Qxd6 17. Rad1 Qc5 18. Ne5 Ba4 19. b3 Bc6 20. Nxc6 Qxc6 21. c4 Qc5 22. Rd2 Rfd8 23. Rfd1 Kf8 24. Be4 Rxd2 25. Rxd2 Rb8 26. Bf3 b6 27. Qd3 Rc8 28. Kf1 Qe5 29. Qd6+ Qxd6 30. Rxd6 Ke7 31. Rd2 Nd7 32. Ke2 Ne5 33. Ke3 g5 34. Be2 f5 35. g3 Rc7 36. a3 a5 37. Kd4 Rd7+ 38. Kc3 Rxd2 39. Kxd2 Kd6 40. Kc3 g4 41. b4 Nc6 42. f3 axb4+ 43. axb4 h5 44. fxg4 hxg4 45. Bf1 e5 46. h3 gxh3 47. Bxh3 Nd4 48. Kd3 Ke6 49. g4 fxg4 50. Bxg4+ Kd6 1/2-1/2

[Event "Golden Rook op"]
[Site "Chotowa"]
[Date "2003.05.09"]
[Round "4"]
[White "Szelc, Adam"]
[Black "Malec, Radoslaw"]
[Result "0-1"]
[WhiteElo "1600"]
[BlackElo "2000"]
[PlyCount "52"]
[EventDate "2003.05.??"]
[EventType "swiss"]
[EventRounds "9"]
[EventCountry "POL"]
[SourceTitle "EXT 2005"]
[Source "ChessBase"]
[SourceDate "2004.11.15"]
[SourceVersion "1"]
[SourceVersionDate "2004.11.15"]
[SourceQuality "1"]

1. d4 d5 2. c4 e6 3. Nc3 c6 4. Nf3 Nf6 5. Bg5 dxc4 6. a4 Bb4 7. Bxf6 Qxf6 8. e3 b5 9. Nd2 Bxc3 10. bxc3 Nd7 11. Be2 a6 12. Bf3 Bb7 13. Qc2 0-0 14. 0-0 Rfb8 15. Ra2 Qd8 16. Rfa1 Nb6 17. axb5 axb5 18. Ne4 Rxa2 19. Rxa2 Ra8 20. Nc5 Rxa2 21. Qxa2 Qa8 22. Qxa8+ Bxa8 23. Na6 Na4 24. Nb4 Nxc3 25. Nxc6 Bxc6 26. Bxc6 b4 0-1

[Event "Golden Rook op"]
[Site "Chotowa"]
[Date "2003.05.06"]
[Round "1"]
[White "Bartel, Marta"]
[Black "Szelc, Adam"]
[Result "1-0"]
[WhiteElo "1972"]
[BlackElo "1600"]
[PlyCount "47"]
[EventDate "2003.05.??"]
[EventType "swiss"]
[EventRounds "9"]
[EventCountry "POL"]
[SourceTitle "EXT 2005"]
[Source "ChessBase"]
[SourceDate "2004.11.15"]
[SourceVersion "1"]
[SourceVersionDate "2004.11.15"]
[SourceQuality "1"]

1. d4 Nf6 2. Nf3 g6 3. c4 Bg7 4. Nc3 0-0 5. e4 d6 6. Be2 e5 7. dxe5 dxe5 8. 0-0 Nc6 9. Be3 Bg4 10. h3 Bxf3 11. Bxf3 Re8 12. Qxd8 Raxd8 13. Bg5 Rd7 14. Rad1 Nd4 15. Bxf6 Bxf6 16. Bg4 Rd6 17. c5 Ra6 18. Nd5 Bd8 19. f4 Nc2 20. Rf2 Nd4 21. Bd7 Rf8 22. fxe5 Ne6 23. Nb4 Ra5 24. Bxe6 1-0